| 000 | 00495nam a2200181 i 4500 | ||
|---|---|---|---|
| 001 | 63422 | ||
| 003 | ES-MaACL | ||
| 005 | 20230906164848.0 | ||
| 007 | t| | ||
| 008 | 031210s1962 sp ||||1| spa d | ||
| 100 | 1 |
_aFerrer, Diego. _950411 |
|
| 245 | 1 | 0 |
_aEsquemas de histología / _cpor Diego Ferrer. |
| 250 | _a3ª ed. totalmente renovada. | ||
| 260 |
_aBarcelona : _bEspaxs, _c1962. |
||
| 300 |
_a462 p. : _bil. ; _c24 cm. |
||
| 650 | 4 |
_aHistología. _9164981 |
|
| 852 |
_aES-MaACL _jC-22833 |
||
| 999 |
_c63422 _d63422 |
||